Leonard Stöckel (1510-1560) : personálna bibliografia /

Saved in:
Bibliographic Details
Other Authors: Matuševská, Ľudmila, 1957- (Compiler)
Format: Book
Language:Slovak
Published: Bardejov : Okresná knižnica Dávida Gutgesela, 2010.
Edition:1. vyd.
Subjects:
ISBN: 9788096869916 (brož.)
Physical Description: 34 s. : faksim., fotogr., genealog. tab. ; 21 cm.
Tags: Add Tag
No Tags, Be the first to tag this record!

MARC

LEADER 00000nam a22000005a 4500
001 000417213
005 20130903101602.0
008 110201s2010 xo heo e 001 0bslo d
020 |a 9788096869916 (brož.)  |z 978809686991 
040 |a SVKKK  |b slo  |c SVKKK  |e AACR2 
041 0 |a slo 
043 |a e-xo--- 
044 |a xo  |c SK 
072 7 |a 37  |x Výchova a vzdelávanie  |2 konspekt 
072 7 |a 821.162.4  |x Slovenská literatúra  |2 konspekt 
080 |a 37-051  |2 2001 
080 |a 821.162.4-051  |2 2001 
080 |a 929 Stöckel, Leonard  |2 2001 
080 |a 012  |2 2001 
080 |a (01)  |2 2001 
245 0 0 |a Leonard Stöckel (1510-1560) :  |b personálna bibliografia /  |c zostavila: Ľudmila Matuševská. 
250 |a 1. vyd. 
260 |a Bardejov :  |b Okresná knižnica Dávida Gutgesela,  |c 2010. 
300 |a 34 s. :  |b faksim., fotogr., genealog. tab. ;  |c 21 cm. 
504 |a Bibliografia: s. 3; autorský register: s. 33-34 
600 1 7 |a Stöckel, Leonard,  |d 1510-1560  |2 SVKKKPH 
650 0 7 |a pedagógovia  |2 SVKKKPH 
650 0 7 |a slovenskí spisovatelia  |2 SVKKKPH 
655 7 |a personálne bibliografie  |2 SVKKKPH 
655 7 |a bibliografie  |2 SVKKKPH 
700 1 |a Matuševská, Ľudmila,  |d 1957-  |4 com 
910 |a svkkk 
919 |a 978-80-968699-1-6 
998 |a BK 
090 |g SCKHL  |k Sklad Hlavná 10 prízemie  |a III.225898  |j 1044771  |i 2720266246  |s Absenčne